000 00717nam a22001937a 4500
005 20260330105629.0
008 260309b |||||||| |||| 00| 0 eng d
020 _a9789355939869
080 _a92(PRA)=M
_bDEE/E
100 _aDeedi Damodaran
245 _aEmpty space(എംറ്റി സ്‌പെയ്‌സ്):
_bBaashpeekruthayude aaramviral(ബാഷ്‌പീകൃതയുടെ ആറാംവിരൽ)
250 _a6th
260 _bBook worm.
_aThrissur.
_c2026.
300 _a112p.; 47p.
500 _aEmpty space:Baashpeekruthayude aaramviral written by Deedi Damodaran and Echmukkutty.
653 _aBiography-Prameela Nair-Malayalam Literature
700 _aEchmukkutty
942 _cOO
999 _c115690
_d115689